Welcome to the Holygrace Academy Library

Please use search bar below to get started

I SPLIT UP! (Record no. 2914)

MARC details
000 -LEADER
fixed length control field 00297nam a22001337a 4500
020 ## - INTERNATIONAL STANDARD BOOK NUMBER
ISBN 978-0-85707-177-4
082 ## - DEWEY DECIMAL CLASSIFICATION NUMBER
Classification number 823
Item number CAR/I
100 ## - MAIN ENTRY--AUTHOR NAME
Personal name CARLY
245 ## - TITLE STATEMENT
Title I SPLIT UP!
260 ## - PUBLICATION, DISTRIBUTION, ETC. (IMPRINT)
Place of publication GREAT BRITAIN
Name of publisher SIMON AND SCHUSTER
Year of publication 2011
300 ## - PHYSICAL DESCRIPTION
Number of Pages 117
650 ## - SUBJECT ADDED ENTRY--TOPICAL TERM
Topical Term NOVEL
Geographic subdivision UNITED KINGDOM
942 ## - ADDED ENTRY ELEMENTS (KOHA)
Koha item type Books
Holdings
Withdrawn status Lost status Collection code Home library Current library Shelving location Date acquired Source of acquisition Full call number Accession Number Koha item type
    Fiction Main Library Main Library SHELF-14C- ALPHABETICAL -C--ENGLISH NOVELS & FICTIONS 26/03/2010 purchase 823 CAR/I 08239 Books